• 首页
  • 本馆介绍
  • 公告通知
  • 最新文献
  • 馆藏检索
  • 电子资源
  • 读者导购
  • 参考咨询
  • 我的图书馆
  • 登录
  • 详细信息显示
  • 放入我的书架
  • 预约/预借图书
  • 作者相关作品
  • 分类相关作品
  • 丛书相关作品
  • 出版社相关作品

书目信息

  • 表格格式
  • 工作单格式
  • 卡片格式
题名:
发酵食品工业学
    
 
作者: 程丽娟 袁静
分册:  
出版信息: 陕西   西北农林科技大学出版社  2002
页数: 454
开本: 26cm
丛书名:
单 册:
中图分类: TS26
科图分类:
主题词: 酿造--食品工业
电子资源:
ISBN: 7-81092-012-X
000 00544nam0 2200181 450
001 0741144344
005 20070817112544.34
010    @a7-81092-012-X@d¥29.60
100    @a20070817d km y0chiy0120 ea
101 0  @achi
200 1  @a发酵食品工业学@Afa jiao shi pin gong ye xue@f程丽娟 袁静@Fcheng li juan yuan jing
210    @a陕西@c西北农林科技大学出版社@d2002
215    @a454@d26cm
606 0  @a酿造@x食品工业
690    @aTS26@v3
701  0 @a程丽娟 袁静@Acheng li juan yuan jing
801  0 @aCN@bPFT@c20070817
905    @a213230@dTS26@en1@f1
    
    发酵食品工业学/程丽娟 袁静.-陕西:西北农林科技大学出版社,2002
    454;26cm
    
    
    ISBN 7-81092-012-X:¥29.60
    
●
相关链接 在E读中查询图书 在五车中查询图书 在当当中查询图书 在豆瓣中查询图书


正题名:发酵食品工业学     索取号:TS26/n1         预约/预借

序号 登录号 条形码 馆藏地/架位号 状态 备注
1 6601290   266012904   密集书库-生命科学系/ [索取号:TS26/n1] 在馆    
唐山师范学院图书馆 欢迎您!
大连网信软件有限公司© 版权所有